Lecture ready : Strategies for academic listening, note-taking, and discussion

Lecture Ready prepares students to deal with academic lectures with skill and confidence. Students attend actual lectures via DVD or video after practice with targeted lecture language. The lectures include elements of natural speech, such as false starts and digressions, to provide practice in main...

Descripción completa

Guardado en:
Detalles Bibliográficos
Autor principal: Sarosy, Peg
Formato: Libro
Lenguaje:Undetermined
Publicado: New York, NY Oxford University Press 2007
Materias:
Etiquetas: Agregar Etiqueta
Sin Etiquetas, Sea el primero en etiquetar este registro!
Thư viện lưu trữ: Trung tâm Học liệu Trường Đại học Cần Thơ
LEADER 01072nam a2200229Ia 4500
001 CTU_123380
008 210402s9999 xx 000 0 und d
020 |c 149000 
082 |a 428.24 
082 |b S246/T.1 
100 |a Sarosy, Peg 
245 0 |a Lecture ready : 
245 0 |b Strategies for academic listening, note-taking, and discussion 
245 0 |c Peg Sarosy and Kathy Sherak 
260 |a New York, NY 
260 |b Oxford University Press 
260 |c 2007 
520 |a Lecture Ready prepares students to deal with academic lectures with skill and confidence. Students attend actual lectures via DVD or video after practice with targeted lecture language. The lectures include elements of natural speech, such as false starts and digressions, to provide practice in maintaining focus on the essential core of a lecture. 
650 |a English language,Study skills,Listening 
650 |x Textbooks for foreign speakers.,Problems, exercises, etc.,Problems, exercises, etc. 
904 |i Minh 
980 |a Trung tâm Học liệu Trường Đại học Cần Thơ